| 000 | 00963pam a2200277 a 4500 | ||
|---|---|---|---|
| 999 |
_c129340 _d129340 |
||
| 001 | 3413571 | ||
| 003 | ARRUPE | ||
| 005 | 20190401101003.0 | ||
| 008 | 900824s1991 nju b 001 0 eng | ||
| 010 | _a 90001236 | ||
| 020 | _a0876686218 | ||
| 040 |
_aDLC _cDLC _dDLC |
||
| 050 | 0 | 0 |
_aRC489.S43 _bU85 1991 |
| 082 | 0 | 0 |
_a616.89/14 _220 |
| 245 | 0 | 0 |
_aUsing self psychology in psychotherapy / _cedited by Helene Jackson. |
| 260 |
_aNorthvale, N.J. : _bJ. Aronson, _cc1991. |
||
| 300 |
_ax, 284 p. ; _c24 cm. |
||
| 504 | _aIncludes bibliographical references (p. 265-276) and index. | ||
| 650 | 0 |
_aSelf. _911306 |
|
| 650 | 0 |
_aPsychotherapy. _945651 |
|
| 650 | 0 |
_aSelf psychology. _945652 |
|
| 700 | 1 |
_aJackson, Helene. _945653 |
|
| 856 | 4 | 2 |
_3Contributor biographical information _uhttp://www.loc.gov/catdir/enhancements/fy1117/90001236-b.html |
| 906 |
_a7 _bcbc _corignew _d1 _eocip _f19 _gy-gencatlg |
||
| 942 |
_2lcc _cMONOGRAPH |
||